Score 0/25 Timer 10:00
3 Plays Today
% Correct
The Lord of the Rings: The Two Towers
95.6%
Saving Private Ryan
89.2%
Star Wars: The Phantom Menace
80.1%
Monsters, Inc.
80%
Batman Returns
79.8%
Hook
79.1%
How To Train Your Dragon
76.5%
The Sound of Music
75.6%
DodgeBall: A True Underdog Story
71.6%
Alien
71.3%
The Martian
70.4%
Lemony Snicket's A Series of Unfortunate Events
61.7%
Dawn of the Planet of the Apes
53.3%
% Correct
Scott Pilgrim vs. the World
52%
Les Misérables
50.8%
Saving Mr. Banks
50.2%
I Am Legend
37.3%
To Kill a Mockingbird
32.6%
The World's End
30.9%
Oblivion
30.1%
9
29.6%
Planes, Trains & Automobiles
28.9%
Gremlins
27.6%
Nightcrawler
23.1%
Mars Attacks!
20.6%

You're not logged in!

Compare scores with friends on all Sporcle quizzes.
OR
Log In

Sporcle TV

Today on Sporcle TV


Watch our educational content, quiz creation guides, and fun videos on Sporcle TV.

Show Comments

Extras

Top Quizzes Today


Score Distribution

Paid Content

Your Account Isn't Verified!

In order to create a playlist on Sporcle, you need to verify the email address you used during registration. Go to your Sporcle Settings to finish the process.

Report this User

Report this user for behavior that violates our Community Guidelines.

Details: